| 000 | 01466cam a22003974i 4500 | ||
|---|---|---|---|
| 003 | PE-LiUPU | ||
| 005 | 20250731173200.0 | ||
| 008 | 150623s r 000 0 d | ||
| 035 | _a(Sirsi) a29931 | ||
| 040 |
_aPE-LiUPU _bspa _cPE-LiUPU _erda |
||
| 082 | 0 | 4 |
_a200.0385 _bG69 _221 |
| 100 | 1 |
_aGonzales, José Luis, _eautor. |
|
| 245 | 1 | 3 |
_aEl Huanca y la Cruz : _bCreatividad y Autonomía en la Religión Popular. |
| 264 | 1 |
_aLima : _bIDEA, _c1989. |
|
| 300 |
_a179 páginas ; _c20 cm. |
||
| 336 |
_atext _2rdacontent |
||
| 337 |
_aunmediated _2rdamedia |
||
| 338 |
_avolume _2rdacarrier |
||
| 505 | 0 | _aEl huanca y la cruz. -La tica popular y su autonomia relativa. -Los sacraentos desde las practica de los pobres. -Familia y socializacion religiosa. -El catolicismo popular: una exigencia para la iglesia del año 2000. | |
| 526 | _aSEG42 | ||
| 526 | _aSEG41 | ||
| 526 | _aSEG40 | ||
| 526 | _aSEG39 | ||
| 526 | _aP94 | ||
| 526 | _aP87 | ||
| 526 | _aP86 | ||
| 526 | _aP85 | ||
| 526 | _aP77 | ||
| 526 | _aP76 | ||
| 526 | _aP35 | ||
| 942 |
_2ddc _cBOOK |
||
| 949 |
_a200.0385 G69 _wDEWEY _c1 _i36494 _lCCODEBUL1 _mBUL _p00.00 _r0 _sY _tBOOK _u2015-06-24 _xBIBLIOTECA _zUNKNOWN _0COMPRA _o.STAFF. Colección General |
||
| 596 | _a1 | ||
| 999 |
_a200.0385 G69 _wDEWEY _c37335 _i36494 _f2021-11-9 _g5 _lCCODEBUL1 _mBUL _r0 _sY _tBOOK _u2015-6-24 _xTEOLOGIA _zUNKNOWN _0COMPRA _o.STAFF. Colección General _d37335 |
||
| 980 |
_81 _gALBERTO SANCHEZ Responsable de Automatización |
||